Modern Day Countries of Ghaznavid Empire on map - Statistics

General Stats
  • This quiz has been taken 817 times
    815 since last reset
  • The average score is 10 of 10
Answers on the Map
Answers color-coded by a green-red scale on the quiz's map according to % correct below.
 
Answer Stats
Country % Correct
Afghanistan
100%
China
99%
India
99%
Iran
99%
Nepal
99%
Pakistan
99%
Turkmenistan
98%
Uzbekistan
98%
Tajikistan
97%
Kyrgyzstan
96%
No matching quizzes found
Score Distribution
Percent of People with Each Score
Percentile by Number Answered
Your Score History
You have not taken this quiz since the last reset